000
00211 a2200097 4500
001
5730
100
_a
Beckenbach,EF
245
_a
Applied compinatorial mathematics
260
_a
_b
Wiley
_c
090
_c
4715
_d
4715
942
_a
NUST-CAE
_c
M
_c
31062
999
_c
240803
_d
240803